Tự chữa bệnh tiểu đường

Na minha lista:
Detalhes bibliográficos
Autor principal: Trương Lệ Hoa
Formato: Livro
Idioma:Undetermined
Publicado em: Tp. HCM Trẻ 2003
Assuntos:
Tags: Adicionar Tag
Sem tags, seja o primeiro a adicionar uma tag!
Thư viện lưu trữ: Trung tâm Học liệu Trường Đại học Cần Thơ
LEADER 00602nam a2200205Ia 4500
001 CTU_58895
008 210402s9999 xx 000 0 und d
020 |b 27000 
082 |a 616.462 
082 |b H401 
100 |a Trương Lệ Hoa 
245 0 |a Tự chữa bệnh tiểu đường 
245 0 |c Trương Lệ Hoa và Lưu Triệu Sưởng; Nguyễn Kim Lân biên dịch 
260 |a Tp. HCM 
260 |b Trẻ 
260 |c 2003 
650 |a diabetes 
650 |x complications 
904 |i Minh 
980 |a Trung tâm Học liệu Trường Đại học Cần Thơ